000
00256nam a22001097a 4500
082
_a
823
_b
TAY/T
100
_a
TAYLOR, WILLIAM T
245
_a
THE X'MAS DONKEY
260
_a
NEW YORK
_b
LITTLE GOLDEN BOOK
650
_a
ENGLISH STORY
_z
UNITED STATES
942
_c
BK
999
_c
7521
_d
7521